Metallica Lyrics – #6: Whiplash - Statistics

General Stats
  • This quiz has been taken 30 times
  • The average score is 127 of 188
Answer Stats
Answer % Correct
a
100%
A
100%
like
100%
Whiplash
100%
all
92%
go,
92%
go
92%
is
92%
it
92%
it,
92%
It
92%
it's
92%
the
92%
The
92%
We
92%
we
92%
again
85%
around,
85%
around
85%
Here
85%
here
85%
maniac
85%
Metallica
85%
on
85%
show
85%
time
85%
to
85%
you
85%
your
85%
Acting
77%
and
77%
as
77%
before
77%
'cause
77%
did
77%
hit
77%
In
77%
never
77%
real,
77%
really
77%
road
77%
so
77%
stage
77%
thrashing
77%
through
77%
through,
77%
We'll
77%
we'll
77%
We're
77%
we're
77%
Adrenaline
69%
against
69%
Another
69%
another
69%
Bang
69%
explode
69%
flow
69%
gig,
69%
gone,
69%
head
69%
hot
69%
make
69%
Make
69%
metal's
69%
quit,
69%
ring,
69%
sore
69%
starts
69%
will
69%
you're
69%
You're
69%
are
62%
bleed,
62%
hell
62%
stop,
62%
tonight
62%
town,
62%
fuckin'
54%
inside
54%
know
54%
mad
54%
of
54%
out
54%
see
54%
what
54%
choose
46%
come
46%
deep
46%
do
46%
drives
46%
ears
46%
exploding
46%
madness
46%
Marshall
46%
noise
46%
our
46%
piercing
46%
that
46%
this
46%
ass,
38%
best,
38%
bobbing
38%
feeling
38%
frenzied
38%
Hotel
38%
kicks
38%
life
38%
motorways,
38%
oh
38%
rest,
38%
at
31%
bad
31%
face,
31%
gathered
31%
hammerhead,
31%
kill,
31%
let
31%
loose
31%
nears
31%
need
31%
raw
31%
There's
31%
with
31%
you've
31%
Heads
23%
Late
23%
leathers
23%
night,
23%
rip,
23%
rooms
23%
spikes
23%
systems
23%
maim
15%
Now's
0%
No matching quizzes found
Score Distribution
Percent of People with Each Score
Percentile by Number Answered
Your Score History
You have not taken this quiz